000 00427nam a2200145Ia 4500
008 210716s2010 xx 000 0 und d
020 _a9788126527816
041 _aeng
082 _a621.3821 MCCW
100 _aMcClure, Wallace; Bowling, Martin; dunn, Craig.
245 _aProfessional iphone programming with momotouch and .net c#.
250 _a1
260 _aNew Delhi
_bWiley India Pvt Ltd
_c2010
300 _axxvii,354
999 _c194549
_d194549